[Event "9. Bayer Sommeropen"]
[Site "Leverkusen"]
[Date "2025.08.16"]
[Round "3.30"]
[White "Schulte zu Sodingen, Matthias"]
[Black "Bracher, Lucas"]
[Result "1/2-1/2"]
[WhiteElo "1862"]
[BlackElo "1648"]
[PlyCount "62"]
[GameId "2217913298170912"]
[EventDate "2025.??.??"]

1. d4 d5 2. Nf3 Nf6 3. Nbd2 g6 4. e3 Bg7 5. Be2 O-O 6. O-O b6 7. b3 c5 8. Bb2 Nbd7 9. Rc1 Bb7 10. c4 Re8 11. Re1 Rc8 12. h3 Ne4 13. Rc2 Ndf6 14. Qc1 e6 15. cxd5 exd5 16. dxc5 Nxc5 17. Ba3 Nce4 18. Rd1 Rxc2 19. Qxc2 Re6 20. Nxe4 Nxe4 21. Nd4 Bxd4 22. Rxd4 Qh4 23. Bf3 Rc6 24. Qe2 Rc8 25. Bxe4 dxe4 26. Qd2 Ba6 27. Rd7 Bd3 28. Qb4 Qf6 29. Rd4 a5 30. Qd6 Qxd6 31. Rxd6 b5 1/2-1/2

[Event "9. Bayer Sommeropen"]
[Site "Leverkusen"]
[Date "2025.08.16"]
[Round "3.31"]
[White "Hoffmann, Marina"]
[Black "Botvinnik, Alexey"]
[Result "0-1"]
[WhiteElo "1615"]
[BlackElo "1832"]
[PlyCount "88"]
[GameId "2217913298170913"]
[EventDate "2025.??.??"]

1. d4 Nf6 2. c4 d5 3. cxd5 Nxd5 4. e4 Nf6 5. Nc3 c6 6. Bd3 g6 7. e5 Nd5 8. Bc4 e6 9. Nf3 Nd7 10. O-O Nxc3 11. bxc3 b5 12. Bb3 Bb7 13. Bg5 Be7 14. Qd2 c5 15. Qf4 c4 16. Bc2 Nb6 17. Bxe7 Qxe7 18. Rab1 Nd5 19. Qd2 Bc6 20. Be4 a6 21. a4 Qd7 22. axb5 Bxb5 23. Qh6 Qe7 24. Bxd5 exd5 25. Ng5 Qf8 26. Qh3 h6 27. Nf3 Bd7 28. Qg3 Qa3 29. Rfc1 Bf5 30. Ra1 Qe7 31. Ra5 O-O 32. Rxd5 Qa3 33. Re1 Qxc3 34. Qf4 Kg7 35. g4 Be6 36. Rd6 Qd3 37. Kg2 c3 38. Rc1 Rab8 39. Ne1 Qd2 40. Qf6+ Kh7 41. Ra1 c2 42. Nxc2 Qxc2 43. Raxa6 Qe4+ 44. Kg3 Qxg4# 0-1

[Event "9. Bayer Sommeropen"]
[Site "Leverkusen"]
[Date "2025.08.16"]
[Round "3.32"]
[White "Ferfers, Ralph"]
[Black "Granz, Thomas"]
[Result "0-1"]
[WhiteElo "1596"]
[BlackElo "1821"]
[PlyCount "54"]
[GameId "2217913298170914"]
[EventDate "2025.??.??"]

1. e4 c5 2. Nf3 Nc6 3. c3 e6 4. Bb5 d5 5. exd5 exd5 6. O-O Nf6 7. d4 a6 8. Bxc6+ bxc6 9. Bg5 Be7 10. dxc5 Bxc5 11. b4 Be7 12. Nd4 Qd6 13. Qd3 O-O 14. Nd2 a5 15. a3 Ba6 16. b5 Bxb5 17. Nxb5 cxb5 18. Qxb5 Ng4 19. Nf3 Bxg5 20. h3 Bf6 21. hxg4 Bxc3 22. Rad1 Rfd8 23. Rd3 d4 24. Rc1 Qxa3 25. Qg5 h6 26. Rcxc3 Qxc3 27. Rxc3 hxg5 0-1

[Event "9. Bayer Sommeropen"]
[Site "Leverkusen"]
[Date "2025.08.16"]
[Round "3.33"]
[White "Thiele, Hanjo"]
[Black "Kühn, Nicole"]
[Result "1/2-1/2"]
[WhiteElo "1815"]
[BlackElo "1581"]
[PlyCount "49"]
[GameId "2217913298170915"]
[EventDate "2025.??.??"]

1. e4 e5 2. Nc3 Nf6 3. f4 d5 4. fxe5 Nxe4 5. Nf3 Bc5 6. d4 Bb4 7. Bd2 Nxd2 8. Qxd2 Bf5 9. Bd3 Bxd3 10. Qxd3 c6 11. a3 Be7 12. Ne2 Nd7 13. O-O O-O 14. c4 dxc4 15. Qxc4 Nb6 16. Qb3 Qd5 17. Qd3 Rad8 18. Nf4 Qd7 19. Rad1 Nd5 20. Nxd5 Qxd5 21. Qc2 c5 22. Kh1 cxd4 23. Rxd4 Qc5 24. Rc4 Qb6 25. Qc3 1/2-1/2

[Event "9. Bayer Sommeropen"]
[Site "Leverkusen"]
[Date "2025.08.16"]
[Round "3.34"]
[White "Trevisan, Florian"]
[Black "Krugmann, Alexander"]
[Result "1-0"]
[WhiteElo "1812"]
[BlackElo "1490"]
[PlyCount "67"]
[GameId "2217913298170916"]
[EventDate "2025.??.??"]

1. e4 c5 2. Nf3 d6 3. d4 cxd4 4. Nxd4 Nf6 5. f3 g6 6. Be3 Bg7 7. c4 O-O 8. Nc3 Nc6 9. Be2 Bd7 10. O-O Qb6 11. Nc2 Qxb2 12. Nd5 Nxd5 13. cxd5 Nd8 14. Nd4 e6 15. Rf2 Qc3 16. Qc1 Qxc1+ 17. Rxc1 Rc8 18. Rxc8 Bxc8 19. Nb5 exd5 20. exd5 a6 21. Nxd6 Bd7 22. Bb6 Bf6 23. Ne4 Bg7 24. Kf1 Be5 25. f4 Bg7 26. Bc4 f5 27. d6+ Be6 28. Bxe6+ Nxe6 29. Ng5 Nxg5 30. fxg5 Rc8 31. d7 Rc1+ 32. Ke2 Rc2+ 33. Kd3 Rc3+ 34. Kd2 1-0

[Event "9. Bayer Sommeropen"]
[Site "Leverkusen"]
[Date "2025.08.16"]
[Round "3.37"]
[White "Kowalski, Hans-Ludwig"]
[Black "Wulfken, Christof"]
[Result "1/2-1/2"]
[WhiteElo "1599"]
[BlackElo "1984"]
[PlyCount "63"]
[GameId "2217913298170919"]
[EventDate "2025.??.??"]

1. e4 c5 2. Nc3 Nc6 3. f4 d6 4. Nf3 e6 5. Bb5 a6 6. Bxc6+ bxc6 7. O-O g6 8. d3 Bg7 9. Bd2 Ne7 10. Qe1 h5 11. Nh4 Qb6 12. Rb1 c4+ 13. Kh1 cxd3 14. cxd3 Bf6 15. e5 Bxh4 16. Qxh4 d5 17. Qf6 Rh7 18. Qh4 Nf5 19. Qf2 Qxf2 20. Rxf2 a5 21. Na4 Ba6 22. Nc5 a4 23. Bc3 Bb5 24. a3 Kf8 25. d4 Kg7 26. Re1 Rhh8 27. Nd7 Ra7 28. Nc5 Rb8 29. Kg1 Ne7 30. Bb4 Nf5 31. Bc3 Ne7 32. Bb4 1/2-1/2

[Event "9. Bayer Sommeropen"]
[Site "Leverkusen"]
[Date "2025.08.16"]
[Round "3.38"]
[White "Henseler, Klaus"]
[Black "Jeuken, Thomas"]
[Result "1-0"]
[WhiteElo "1926"]
[BlackElo "1589"]
[PlyCount "111"]
[GameId "2217913298170920"]
[EventDate "2025.??.??"]

1. c4 e6 2. d4 Nf6 3. Nf3 g6 4. Nc3 Bg7 5. e4 O-O 6. Be2 d6 7. h3 h6 8. Be3 Nbd7 9. Qd2 g5 10. O-O-O Nh7 11. g4 e5 12. d5 f6 13. Bd3 Rf7 14. Ne2 Ndf8 15. Ng3 Ng6 16. Nf5 Bxf5 17. exf5 Nf4 18. Rdg1 Re7 19. Bxf4 gxf4 20. Be4 Ng5 21. Qd3 Qe8 22. Nd2 Qa4 23. Kb1 a6 24. h4 Nf7 25. Rc1 b6 26. Rh3 Qd7 27. Rhh1 Kf8 28. Rhg1 Ree8 29. Nf3 Ke7 30. Nd2 Rh8 31. Bf3 Rab8 32. Qa3 Ra8 33. Qc3 a5 34. Qd3 Qd8 35. Ne4 Qf8 36. Nc3 Qc8 37. Nb5 Kd7 38. Bd1 Ke7 39. Qe4 Qd8 40. Nd4 Qg8 41. Ne6 Rc8 42. Nxf4 Rh7 43. Ne6 Nd8 44. Bc2 Nxe6 45. fxe6 Rh8 46. g5 Qf8 47. gxf6+ Bxf6 48. Rg6 Rg8 49. Rcg1 Rxg6 50. Rxg6 Qh8 51. Qg4 Rf8 52. Bf5 Kd8 53. Be4 Ke7 54. Qh5 Qh7 55. f3 Rg8 56. Rxf6 1-0

[Event "9. Bayer Sommeropen"]
[Site "Leverkusen"]
[Date "2025.08.16"]
[Round "3.41"]
[White "Liu, Mio Runhan"]
[Black "Enke, Nils"]
[Result "0-1"]
[WhiteElo "1572"]
[BlackElo "1800"]
[PlyCount "81"]
[GameId "2217913298170923"]
[EventDate "2025.??.??"]

1. e4 c5 2. Nf3 Nc6 3. Nc3 Nf6 4. Bc4 e6 5. d4 cxd4 6. Nxd4 Qc7 7. Nxc6 bxc6 8. Bd2 Rb8 9. Bb3 Ba6 10. Qf3 d5 11. exd5 cxd5 12. Ne2 Bd6 13. Bf4 Bxe2 14. Bxd6 Qxd6 15. Qxe2 O-O 16. O-O a5 17. a4 Ne4 18. Qe3 Nc5 19. Rfd1 Rb4 20. f3 Rfb8 21. Ra3 Nxb3 22. cxb3 Qb6 23. Qxb6 R8xb6 24. Rc1 Kf8 25. Rc8+ Ke7 26. Rc7+ Kf6 27. Rc3 e5 28. Rd3 Ke6 29. Kf2 f5 30. g4 fxg4 31. fxg4 e4 32. Re3 Ke5 33. Ra1 d4 34. Ree1 Rxb3 35. Rad1 Rf3+ 36. Kg1 Rxb2 37. h4 e3 38. Rd3 Rg3+ 39. Kh1 Rh3+ 40. Kg1 Rxh4 41. Kf1 0-1

[Event "9. Bayer Sommeropen"]
[Site "Leverkusen"]
[Date "2025.08.16"]
[Round "3.42"]
[White "Ebert, Wolf"]
[Black "Li, Alice Shiqian"]
[Result "1-0"]
[WhiteElo "1844"]
[BlackElo "1528"]
[PlyCount "85"]
[GameId "2217913298170924"]
[EventDate "2025.??.??"]

1. d4 d5 2. e3 Nf6 3. Bd3 e6 4. Nd2 c5 5. c3 Nc6 6. f4 cxd4 7. exd4 Bd6 8. g3 Bd7 9. Qe2 Qe7 10. Ngf3 a6 11. Ne5 Bxe5 12. fxe5 Ng8 13. Nf3 Qd8 14. O-O Nge7 15. Ng5 Qc7 16. Nxf7 Kf8 17. Nxh8+ Ke8 18. Qh5+ g6 19. Qxh7 Kd8 20. Bg5 Be8 21. Bxg6 Kd7 22. Bxe8+ Rxe8 23. Ng6 Kd8 24. Rf7 b5 25. Bxe7+ Nxe7 26. Nxe7 Rxe7 27. Rxe7 Qxe7 28. Qxe7+ Kxe7 29. Rf1 Kd7 30. b4 Kc7 31. Rf6 Kd7 32. g4 Ke7 33. g5 Kd7 34. g6 Kc7 35. Rxe6 Kd7 36. Rxa6 Ke7 37. Kf2 Kf8 38. Ra7 Kg8 39. Kf3 Kf8 40. Kg4 Kg8 41. Kf5 Kh8 42. Kf6 Kg8 43. Ra8# 1-0

[Event "9. Bayer Sommeropen"]
[Site "Leverkusen"]
[Date "2025.08.16"]
[Round "3.44"]
[White "Diaubalick, Ulrich"]
[Black "Siegler, Stefan"]
[Result "1/2-1/2"]
[WhiteElo "1812"]
[BlackElo "1520"]
[PlyCount "69"]
[GameId "2217913298170926"]
[EventDate "2025.??.??"]

1. e4 e5 2. Nf3 Nc6 3. Bc4 Bc5 4. c3 Nf6 5. d3 O-O 6. h3 d6 7. Bg5 Na5 8. Bb5 a6 9. Ba4 b5 10. Bc2 Nc6 11. O-O a5 12. d4 exd4 13. cxd4 Bb6 14. Nc3 Ba6 15. Nd5 Kh8 16. Nxf6 gxf6 17. Bf4 Rg8 18. Re1 Bc8 19. Bg3 a4 20. a3 Ba5 21. Re3 Bb6 22. Qd3 Rg7 23. Qxb5 Nxd4 24. Nxd4 Bxd4 25. Rf3 Be5 26. Bxe5 fxe5 27. Bxa4 Qg8 28. Rg3 Rxg3 29. fxg3 Qxg3 30. Bd1 Bxh3 31. Bf3 Rg8 32. Qe2 Bg4 33. Rf1 Bh3 34. Kh1 Be6 35. Qf2 1/2-1/2

[Event "9. Bayer Sommeropen"]
[Site "Leverkusen"]
[Date "2025.08.16"]
[Round "3.51"]
[White "Hoferichter, Michael"]
[Black "Leferink, Toine"]
[Result "1-0"]
[WhiteElo "1683"]
[BlackElo "1614"]
[PlyCount "119"]
[GameId "2217913298170933"]
[EventDate "2025.??.??"]

1. e4 e5 2. Nf3 Nc6 3. Bb5 Nd4 4. Nxd4 exd4 5. c3 a6 6. Ba4 d3 7. Qf3 b5 8. Bb3 Qe7 9. Qxd3 Bb7 10. Bc2 f5 11. Qe3 Bxe4 12. Bxe4 fxe4 13. O-O Nf6 14. d3 Qc5 15. dxe4 Qxe3 16. Bxe3 Nxe4 17. Re1 O-O-O 18. Nd2 Nxd2 19. Bxd2 Bd6 20. a4 Kb7 21. axb5 axb5 22. Ra5 c6 23. Be3 Ra8 24. Rea1 Bc7 25. Ra7+ Rxa7 26. Rxa7+ Kb8 27. Kf1 d6 28. Ra1 Re8 29. b4 Kb7 30. Rc1 Bb6 31. Bxb6 Kxb6 32. Rd1 Kc7 33. Ra1 Rb8 34. Re1 Rd8 35. Re3 Rd7 36. Ke2 c5 37. Kd3 Kc6 38. bxc5 dxc5+ 39. Kc2 c4 40. Re6+ Kb7 41. f4 h6 42. g4 Rf7 43. f5 h5 44. h3 Rd7 45. Rg6 Rd3 46. Rxg7+ Kc6 47. Rh7 Rxh3 48. Rxh5 Rg3 49. Rh2 Rxg4 50. Rf2 Rg8 51. f6 Kc5 52. Kb2 Rf8 53. Ka3 Ra8+ 54. Kb2 Rf8 55. Ka3 Ra8+ 56. Kb2 Ra7 57. f7 Rxf7 58. Rxf7 b4 59. cxb4+ Kxb4 60. Rb7+ 1-0

[Event "9. Bayer Sommeropen"]
[Site "Leverkusen"]
[Date "2025.08.16"]
[Round "3.53"]
[White "Schüers, Christian"]
[Black "Völker, Werner"]
[Result "1/2-1/2"]
[WhiteElo "1622"]
[BlackElo "1640"]
[PlyCount "39"]
[GameId "2217913298170935"]
[EventDate "2025.??.??"]

1. d4 Nf6 2. Nf3 g6 3. Bf4 d6 4. h3 Bg7 5. e3 O-O 6. c3 b6 7. Bd3 Bb7 8. Qe2 c5 9. O-O Nbd7 10. Re1 Re8 11. Bb5 a6 12. Ba4 b5 13. Bc2 e5 14. dxe5 dxe5 15. Bh2 h6 16. e4 Nh7 17. Nbd2 Ng5 18. Nxg5 Qxg5 19. Nf3 Qe7 20. Rad1 1/2-1/2

[Event "9. Bayer Sommeropen"]
[Site "Leverkusen"]
[Date "2025.08.17"]
[Round "4.1"]
[White "Rechmann, Peter"]
[Black "Korchynskyi, Mykola"]
[Result "1/2-1/2"]
[WhiteElo "2174"]
[BlackElo "2346"]
[PlyCount "60"]
[GameId "2217913298170940"]
[EventDate "2025.??.??"]

1. c4 e6 2. g3 d5 3. Bg2 d4 4. Nf3 Nf6 5. O-O Nc6 6. d3 Bc5 7. Nbd2 O-O 8. Nb3 Be7 9. e3 dxe3 10. Bxe3 a5 11. Nbd4 Bd7 12. h3 Nxd4 13. Nxd4 c5 14. Nf3 Bc6 15. d4 Qb6 16. Qe2 Bxf3 17. Qxf3 cxd4 18. Bf4 Ra7 19. Be5 Nd7 20. Bxd4 Qxd4 21. Rad1 Qxb2 22. Rxd7 Bf6 23. Qe3 Raa8 24. Qb3 Qxb3 25. axb3 a4 26. Bxb7 axb3 27. Bxa8 Rxa8 28. Rb7 b2 29. Rb1 Kf8 30. R1xb2 Bxb2 1/2-1/2

[Event "9. Bayer Sommeropen"]
[Site "Leverkusen"]
[Date "2025.08.17"]
[Round "4.4"]
[White "Mänken, Merlin"]
[Black "Schwibbert, Jonas"]
[Result "0-1"]
[WhiteElo "2177"]
[BlackElo "2153"]
[PlyCount "36"]
[GameId "2217913298170943"]
[EventDate "2025.??.??"]

1. d4 Nf6 2. c4 e6 3. Nc3 d5 4. cxd5 exd5 5. Bg5 Be7 6. e3 O-O 7. Bd3 Re8 8. Nge2 c6 9. O-O Nh5 10. Bxe7 Qxe7 11. Qb1 Nf6 12. b4 Ne4 13. b5 Nd2 14. Bxh7+ Kh8 15. Qd3 Nxf1 16. Bf5 Bxf5 17. Qxf5 Nd2 18. bxc6 bxc6 0-1

[Event "9. Bayer Sommeropen"]
[Site "Leverkusen"]
[Date "2025.08.17"]
[Round "4.5"]
[White "Sheng, Ming"]
[Black "Germund, Marlon"]
[Result "1-0"]
[WhiteElo "2031"]
[BlackElo "2076"]
[PlyCount "123"]
[GameId "2217913298170944"]
[EventDate "2025.??.??"]

1. e4 e5 2. Nf3 Nc6 3. Bc4 Nf6 4. d3 Bc5 5. a4 d6 6. a5 a6 7. O-O h6 8. c3 O-O 9. h3 Ba7 10. Re1 Ne7 11. d4 Ng6 12. Bd3 Re8 13. Na3 Nh5 14. Nc4 Nhf4 15. Bf1 exd4 16. cxd4 d5 17. Nce5 dxe4 18. Rxe4 Nxe5 19. Nxe5 Ng6 20. Nxf7 Kxf7 21. Bc4+ Be6 22. Rxe6 Rxe6 23. Qg4 Nf8 24. Ra3 Bxd4 25. Rd3 c5 26. b4 Qe7 27. bxc5 Bf6 28. Qh5+ g6 29. Qxh6 Rd8 30. Rf3 Rd4 31. Bxe6+ Qxe6 32. Bb2 Rd1+ 33. Kh2 Nd7 34. Qh7+ Ke8 35. Bxf6 Nxf6 36. Qxg6+ Kd7 37. Rxf6 Qe5+ 38. f4 Qe3 39. Rd6+ Rxd6 40. Qxd6+ Kc8 41. f5 Qf2 42. f6 Qf5 43. c6 bxc6 44. Qxc6+ Kd8 45. Qd6+ Kc8 46. Qxa6+ Kb8 47. Qd6+ Ka7 48. Qc7+ Ka8 49. Qd8+ Kb7 50. Qb6+ Ka8 51. Qd4 Kb7 52. h4 Kb8 53. a6 Ka8 54. a7 Kb7 55. Kg1 Qb1+ 56. Kf2 Qc2+ 57. Kf3 Qb3+ 58. Kf4 Qg8 59. g4 Ka8 60. g5 Qa2 61. Kf5 Qf2+ 62. Qxf2 1-0

[Event "9. Bayer Sommeropen"]
[Site "Leverkusen"]
[Date "2025.08.17"]
[Round "4.6"]
[White "Coenen, Michael"]
[Black "Koch, Kian"]
[Result "1-0"]
[WhiteElo "2316"]
[BlackElo "1812"]
[PlyCount "65"]
[GameId "2217913298170945"]
[EventDate "2025.??.??"]

1. e4 c5 2. Nf3 Nc6 3. d4 cxd4 4. Nxd4 Nf6 5. Nc3 e5 6. Ndb5 d6 7. Bg5 a6 8. Na3 b5 9. Nd5 Be7 10. Bxf6 Bxf6 11. c3 O-O 12. Nc2 Bg5 13. a4 bxa4 14. Rxa4 f5 15. exf5 Bxf5 16. Bxa6 Kh8 17. O-O Be6 18. Bb5 Rxa4 19. Bxa4 Ne7 20. Ncb4 Nxd5 21. Nxd5 Qb8 22. Bb3 Qb7 23. Nb4 Bxb3 24. Qxb3 Rb8 25. Ra1 Qb6 26. Qf7 Qd8 27. g3 Qf8 28. Qxf8+ Rxf8 29. Rd1 Rd8 30. Nc6 Ra8 31. Rxd6 Ra1+ 32. Kg2 Rb1 33. Nxe5 1-0

[Event "9. Bayer Sommeropen"]
[Site "Leverkusen"]
[Date "2025.08.17"]
[Round "4.7"]
[White "Menzel, Maximilian"]
[Black "Trevisan, Florian"]
[Result "1-0"]
[WhiteElo "2196"]
[BlackElo "1812"]
[PlyCount "49"]
[GameId "2217913298170946"]
[EventDate "2025.??.??"]

1. d4 Nf6 2. c4 g6 3. Nc3 d5 4. cxd5 Nxd5 5. Bd2 Bg7 6. e4 Nxc3 7. Bxc3 c5 8. d5 Bxc3+ 9. bxc3 O-O 10. Qd2 e6 11. d6 e5 12. Nf3 Nc6 13. Bc4 Bg4 14. Ng5 h6 15. Nxf7 Rxf7 16. Bxf7+ Kxf7 17. Rb1 Rb8 18. Qxh6 Qxd6 19. O-O b6 20. f3 Bc8 21. Rbd1 Qe6 22. f4 Rb7 23. fxe5+ Ke8 24. Qh8+ Ke7 25. Qf8# 1-0

[Event "9. Bayer Sommeropen"]
[Site "Leverkusen"]
[Date "2025.08.17"]
[Round "4.9"]
[White "Riemland, Arnold"]
[Black "Erkelenz, Fynn"]
[Result "1-0"]
[WhiteElo "2124"]
[BlackElo "1716"]
[PlyCount "41"]
[GameId "2217913298170948"]
[EventDate "2025.??.??"]

1. c4 b6 2. d4 e6 3. Nc3 Bb7 4. e4 Bb4 5. Qc2 d5 6. cxd5 exd5 7. Qa4+ Nc6 8. Bb5 Bxc3+ 9. bxc3 Nge7 10. e5 O-O 11. Nf3 Na5 12. Bd3 Rc8 13. Qd1 h6 14. Nh4 Qd7 15. Qh5 f5 16. g4 Qe8 17. Qxe8 Rcxe8 18. gxf5 Kh8 19. Rg1 Bc8 20. Ba3 Nac6 21. Bb5 1-0

[Event "9. Bayer Sommeropen"]
[Site "Leverkusen"]
[Date "2025.08.17"]
[Round "4.10"]
[White "Lambertz, Walter"]
[Black "Breitkopf-Lazar, Patrick-Robert"]
[Result "0-1"]
[WhiteElo "1809"]
[BlackElo "2218"]
[PlyCount "72"]
[GameId "2217913298170949"]
[EventDate "2025.??.??"]

1. e4 e5 2. Nc3 Nf6 3. f4 d5 4. fxe5 Nxe4 5. Qf3 f5 6. d3 Nxc3 7. bxc3 d4 8. Qg3 Nc6 9. Be2 Be6 10. Bf3 Qd7 11. Ne2 dxc3 12. Be3 Ba3 13. Bxc6 Qxc6 14. Nd4 Qd7 15. Nxe6 Qxe6 16. O-O O-O 17. Rf3 Rae8 18. d4 Rf7 19. Raf1 Ref8 20. Qf2 Qxa2 21. Bf4 Bb4 22. Qe2 Qd5 23. Qd3 Ba5 24. Re1 Bb6 25. Be3 Rd8 26. Rxf5 Rxf5 27. Qxf5 Bxd4 28. Bxd4 Qxd4+ 29. Kh1 Rf8 30. Qe6+ Kh8 31. Qe7 Qf2 32. Rg1 Qf7 33. Qc5 b6 34. Qxc3 c5 35. h3 Qd5 36. Re1 Re8 0-1

[Event "9. Bayer Sommeropen"]
[Site "Leverkusen"]
[Date "2025.08.17"]
[Round "4.11"]
[White "Arvapalli, Sai Ritvik"]
[Black "Di Franco, Patricio"]
[Result "1/2-1/2"]
[WhiteElo "1770"]
[BlackElo "2071"]
[PlyCount "117"]
[GameId "2217913298170950"]
[EventDate "2025.??.??"]

1. b3 Nc6 2. Bb2 d5 3. e3 e5 4. Bb5 Nge7 5. Nf3 f6 6. d4 e4 7. Nfd2 a6 8. Be2 Be6 9. c4 f5 10. Nc3 g6 11. f3 Bh6 12. f4 Bg7 13. a3 Nb8 14. cxd5 Bxd5 15. Nc4 Nd7 16. a4 O-O 17. O-O Kh8 18. Ba3 Bxc4 19. bxc4 c5 20. Rb1 Nc6 21. Rxb7 cxd4 22. Bxf8 Nxf8 23. Nd5 Ne6 24. Qb1 d3 25. Bd1 Na5 26. Rb6 Nxc4 27. Rxe6 Qxd5 28. Re7 Nd2 29. Qb7 Qxb7 30. Rxb7 Nxf1 31. Kxf1 Bc3 32. Kf2 Rc8 33. g4 Ba5 34. Rb1 fxg4 35. Bxg4 Rc2+ 36. Kg3 h5 37. Bd1 Be1+ 38. Kh3 Rd2 39. Bxh5 gxh5 40. Rxe1 Ra2 41. a5 Rxa5 42. Kg3 Ra2 43. f5 Kg7 44. h4 Kf6 45. Kf4 d2 46. Rd1 a5 47. Kxe4 Ra4+ 48. Kf3 Ra2 49. e4 Ke5 50. Ke2 Ra4 51. Rxd2 Rxe4+ 52. Kf3 Kxf5 53. Rd5+ Re5 54. Rd4 Rb5 55. Rf4+ Ke5 56. Re4+ Kd5 57. Ra4 Kc5 58. Rf4 Rb3+ 59. Ke2 1/2-1/2

[Event "9. Bayer Sommeropen"]
[Site "Leverkusen"]
[Date "2025.08.17"]
[Round "4.12"]
[White "Neumair, Jerome"]
[Black "Chaganti, Prahasith Reddy"]
[Result "1-0"]
[WhiteElo "2077"]
[BlackElo "1691"]
[PlyCount "109"]
[GameId "2217913298170951"]
[EventDate "2025.??.??"]

1. d4 d5 2. c4 e6 3. Nc3 c5 4. cxd5 exd5 5. Nf3 Nf6 6. g3 Be6 7. Bg2 Nc6 8. O-O h6 9. h3 Qd7 10. Kh2 Rd8 11. Bf4 Be7 12. Rc1 c4 13. Ne5 Nxe5 14. dxe5 Nh5 15. Bd2 d4 16. Ne4 f5 17. Nd6+ Bxd6 18. exd6 Qxd6 19. Qa4+ Qd7 20. Qa3 a6 21. e4 Nf6 22. exf5 Bxf5 23. Rfe1+ Kf7 24. Rxc4 Rhe8 25. Rec1 Rc8 26. Rxc8 Rxc8 27. Rxc8 Qxc8 28. Qb3+ Be6 29. Qxb7+ Qxb7 30. Bxb7 Bxa2 31. Bxa6 Ne4 32. Be1 Nc5 33. Bb5 Bb1 34. Bb4 Nd3 35. Bxd3 Bxd3 36. Bc5 g5 37. Bxd4 h5 38. b4 Ke6 39. g4 h4 40. f4 gxf4 41. Bf2 Kf6 42. Bxh4+ Kg6 43. Kg2 Be2 44. Kf2 f3 45. Bd8 Kh6 46. h4 Bd1 47. b5 Ba4 48. b6 Bc6 49. Bg5+ Kg6 50. Be3 Bb7 51. h5+ Kh7 52. g5 Be4 53. Kg3 Bc6 54. Kf4 Bb7 55. Ke5 1-0

[Event "9. Bayer Sommeropen"]
[Site "Leverkusen"]
[Date "2025.08.17"]
[Round "4.13"]
[White "Kagan, Dennis"]
[Black "Heider, Reimar"]
[Result "1-0"]
[WhiteElo "2002"]
[BlackElo "1634"]
[PlyCount "65"]
[GameId "2217913298170952"]
[EventDate "2025.??.??"]

1. e4 c6 2. c4 d5 3. cxd5 cxd5 4. exd5 Nf6 5. Qa4+ Bd7 6. Qb3 Qc7 7. Nc3 e5 8. dxe6 Bxe6 9. Qa4+ Nc6 10. Nf3 a6 11. Be2 Be7 12. d4 O-O 13. Be3 b5 14. Qc2 Rac8 15. a3 Rfe8 16. O-O Bd6 17. Rfd1 Ne7 18. Qd2 Ned5 19. Nxd5 Bxd5 20. Rac1 Qb7 21. Rxc8 Rxc8 22. Rc1 Re8 23. Ra1 Re4 24. h3 Nh5 25. Ng5 Rxe3 26. Qxe3 Nf4 27. Bf3 h6 28. Bxd5 Qxd5 29. Nf3 Qh5 30. Rc1 Qg6 31. Ne1 Qg5 32. Rc8+ Kh7 33. Kh1 1-0

[Event "9. Bayer Sommeropen"]
[Site "Leverkusen"]
[Date "2025.08.17"]
[Round "4.14"]
[White "Eßer, Julian"]
[Black "Hüttner, Moritz"]
[Result "1/2-1/2"]
[WhiteElo "1939"]
[BlackElo "1587"]
[PlyCount "138"]
[GameId "2217913298170953"]
[EventDate "2025.??.??"]

1. e4 c6 2. Nf3 d5 3. Nc3 dxe4 4. Nxe4 Bf5 5. Ng3 Bg6 6. d4 Nf6 7. Bd3 Bxd3 8. Qxd3 e6 9. O-O Bd6 10. Bg5 Nbd7 11. Rfe1 O-O 12. c3 h6 13. Bd2 Rc8 14. Ne4 Nxe4 15. Qxe4 Nf6 16. Qc2 c5 17. Rad1 cxd4 18. Qb3 dxc3 19. Bxc3 Nd5 20. Qxb7 Qb6 21. Qxb6 axb6 22. Be5 Bb4 23. Re2 Rc6 24. Nd4 Rc4 25. Rc2 Rxc2 26. Nxc2 Rc8 27. Nxb4 Nxb4 28. a3 Nd5 29. Kf1 f6 30. Bd4 Rc6 31. g3 Rc2 32. Ke1 Kf7 33. Rd2 Rxd2 34. Kxd2 e5 35. Bc3 Ke6 36. a4 Kd6 37. b4 Kc6 38. Kd3 Kd6 39. Kc4 Kc6 40. b5+ Kd6 41. Bb4+ Nxb4 42. Kxb4 Kc7 43. a5 bxa5+ 44. Kxa5 Kb7 45. b6 e4 46. Kb5 f5 47. Kc5 g6 48. h3 g5 49. g4 f4 50. Kd4 Kxb6 51. Kxe4 Kc5 52. Kf5 Kd4 53. Kg6 Kd3 54. Kxh6 Ke2 55. Kxg5 f3 56. h4 Kxf2 57. h5 Ke2 58. h6 f2 59. h7 f1=Q 60. h8=Q Qc1+ 61. Kg6 Qb1+ 62. Kg7 Qb2+ 63. Kh7 Qb1+ 64. Kh6 Qh1+ 65. Kg7 Qa1+ 66. Kg8 Qa8+ 67. Kh7 Qh1+ 68. Kg7 Qa1+ 69. Kg8 Qa8+ 1/2-1/2

[Event "9. Bayer Sommeropen"]
[Site "Leverkusen"]
[Date "2025.08.17"]
[Round "4.15"]
[White "Yildiran, Sinan"]
[Black "Kühn, Viktoria"]
[Result "1/2-1/2"]
[WhiteElo "1684"]
[BlackElo "1931"]
[PlyCount "93"]
[GameId "2217913298170954"]
[EventDate "2025.??.??"]

1. e4 c6 2. Nf3 d5 3. exd5 cxd5 4. Ne5 a6 5. d4 Nc6 6. c3 Nf6 7. Bd3 g6 8. Nd2 Bg7 9. Ndf3 O-O 10. O-O Nd7 11. Nxc6 bxc6 12. Re1 a5 13. Bg5 f6 14. Bh4 Re8 15. Bg3 e5 16. dxe5 fxe5 17. Qa4 Bb7 18. Bc2 e4 19. Nd4 Nb6 20. Qa3 Bf8 21. b4 axb4 22. Qb3 Ra3 23. Qb1 bxc3 24. Bb3 Kh8 25. Qc1 Ra8 26. Qxc3 Bg7 27. Rad1 Rc8 28. Qd2 Qf6 29. Qe2 Ra8 30. Qg4 Bc8 31. Qe2 Ba6 32. Qg4 c5 33. Bh4 Qd6 34. Bg3 Be5 35. Bxe5+ Rxe5 36. Ne2 c4 37. Bc2 Bc8 38. Qf4 Qe7 39. Nd4 Bb7 40. Nf3 Rf5 41. Qe3 Nd7 42. Nd4 Re5 43. Nb5 Rxa2 44. Bb1 Ra5 45. Nd4 Nf6 46. Nf3 Re6 47. Nd4 1/2-1/2

[Event "9. Bayer Sommeropen"]
[Site "Leverkusen"]
[Date "2025.08.17"]
[Round "4.17"]
[White "Langensiepen, Burkhard"]
[Black "Weidert, Florian"]
[Result "0-1"]
[WhiteElo "1627"]
[BlackElo "1920"]
[PlyCount "38"]
[GameId "2217913298170956"]
[EventDate "2025.??.??"]

1. Nf3 Nf6 2. c4 g6 3. b4 a5 4. b5 c6 5. Nc3 d5 6. cxd5 cxd5 7. d4 Bg4 8. e3 Ne4 9. Bb2 a4 10. Be2 a3 11. Qc2 axb2 12. Qxb2 Nxc3 13. Qxc3 Bxf3 14. Bxf3 e6 15. O-O Ra3 16. Qc2 Bd6 17. Rfc1 O-O 18. Qd2 Qb6 19. Rc3 Bb4 0-1

[Event "9. Bayer Sommeropen"]
[Site "Leverkusen"]
[Date "2025.08.17"]
[Round "4.18"]
[White "Kunz, Nils"]
[Black "Ye, Philipp"]
[Result "0-1"]
[WhiteElo "1624"]
[BlackElo "1888"]
[PlyCount "48"]
[GameId "2217913298170957"]
[EventDate "2025.??.??"]

1. Nf3 d5 2. g3 Nd7 3. Bg2 e5 4. O-O e4 5. Ne1 Ngf6 6. d3 exd3 7. cxd3 Be7 8. b3 O-O 9. Bb2 c6 10. e4 dxe4 11. dxe4 Nc5 12. Qxd8 Rxd8 13. e5 Nd5 14. Nc3 Nb4 15. Ba3 a5 16. Rd1 Rxd1 17. Nxd1 Nxa2 18. Bxc5 Bxc5 19. Nc2 Be6 20. Nde3 Bxb3 21. Rb1 a4 22. Rb2 Nc3 23. Nf5 Rd8 24. Nce3 Ba3 0-1